Signs of life in Central London office market (Record no. 73721)

MARC details
000 -LEADER
fixed length control field 01231cam a2200253 4500
001 - CONTROL NUMBER
control field WB3941-06
008 - FIXED-LENGTH DATA ELEMENTS--GENERAL INFORMATION
fixed length control field 031030n2003 000 0 eng u
035 ## - SYSTEM CONTROL NUMBER
System control number (Sirsi) u124191
245 ## - TITLE STATEMENT
Title Signs of life in Central London office market
260 ## - PUBLICATION, DISTRIBUTION, ETC.
Date of publication, distribution, etc. 2003
490 ## - SERIES STATEMENT
Series statement CB Richard Ellis News Release
Volume/sequential designation 22 October 2003 (1)
520 ## - SUMMARY, ETC.
Summary, etc. CB Richard Ellis' analysis of the Central London office market for the second quarter of 2003, shows take-up of over 2m sq ft for the first time since the third quarter of 2002. Despite the improvement, CBRE said this represents a continuation of sub-par transactional activity typical since mid-2001. CBRE news release http://www.cbre.com/International/Sites/UK/Research/UK+Research+/UK+Research.htm?pageid=5. "Central London offices market index brief" is available to download at http://gkc2.cbrichardellis.com/LocalReports350.asp.
590 ## - LOCAL NOTE (RLIN)
Local note WB
650 ## - SUBJECT ADDED ENTRY--TOPICAL TERM
Topical term or geographic name entry element CENTRAL LONDON OFFICE RESEARCH
650 ## - SUBJECT ADDED ENTRY--TOPICAL TERM
Topical term or geographic name entry element MARKET REPORTS
650 ## - SUBJECT ADDED ENTRY--TOPICAL TERM
Topical term or geographic name entry element CENTRAL LONDON
650 ## - SUBJECT ADDED ENTRY--TOPICAL TERM
Topical term or geographic name entry element INVESTMENT MARKET
650 ## - SUBJECT ADDED ENTRY--TOPICAL TERM
Topical term or geographic name entry element OFFICE OCCUPIERS
650 ## - SUBJECT ADDED ENTRY--TOPICAL TERM
Topical term or geographic name entry element MARKET RECOVERY
650 ## - SUBJECT ADDED ENTRY--TOPICAL TERM
Topical term or geographic name entry element AVAILABILITY
650 ## - SUBJECT ADDED ENTRY--TOPICAL TERM
Topical term or geographic name entry element CBRE
690 ## - LOCAL SUBJECT ADDED ENTRY--TOPICAL TERM (OCLC, RLIN)
Topical term or geographic name as entry element PROPERTY-COMMERCIAL PROPERTY-COMMERCIAL PROPERTY MARKET
942 ## - ADDED ENTRY ELEMENTS (KOHA)
Suppress in OPAC 0
Holdings
Withdrawn status Lost status Source of classification or shelving scheme Damaged status Not for loan Home library Current library Shelving location Date acquired Total Checkouts Full call number Barcode Date last seen Copy number Price effective from Koha item type
    Dewey Decimal Classification     London London News article 30/10/2003   WB3941-06 124191-1001 06/08/2019 1 06/08/2019 News article